Deutsche Städte, die auf -bach enden - Statistiken

Allgemein
  • Dieses Quiz wurde 100 mal gespielt
  • Das Durchschnittsergebnis liegt bei 3 aus 13
Antwortstatistiken
BL Einwohner Stadt % Korrekt
HE 132.746 Offenbach am Main
91%
NW 267.213 Mönchengladbach
68%
NW 111.361 Bergisch Gladbach
52%
BY 40.742 Ansbach
35%
NW 51.290 Gummersbach
22%
BY 26.625 Kulmbach
17%
BY 40.835 Schwabach
14%
HE 22.901 Korbach
11%
HE 27.046 Butzbach
7%
BW 47.120 Fellbach
6%
HE 35.561 Dietzenbach
5%
BW 24.459 Mosbach
4%
NW 26.918 Rheinbach
4%
Keine übereinstimmenden Quizze gefunden
Verteilung der Resultate
Anzahl Personen mit jedem Resultat
Perzentil nach korrekt beantworteten Fragen
Ihre Resultats-Entwicklung
Sie haben dieses Quiz noch nicht gespielt